LEADER 01203cam0-22003731i-450- 001 990005301330403321 005 20061031153653.0 035 $a000530133 035 $aFED01000530133 035 $a(Aleph)000530133FED01 035 $a000530133 100 $a19990604g19759999km-y0itay50------ba 101 0 $alat$amul 102 $aIT 105 $ay-------001yy 200 1 $aElenchus bibliographicus biblicus$fPetro Nober 210 $aRome$cPontificio instituto biblico$d1975- 215 $av.$d25 cm 300 $aSi posseggono i volumi del N. 56/I (1975) al N.60 (1979) 610 0 $aBibbia$aBibliografie 676 $a016.22$v21$zita 702 1$aNober,$bPetrus 801 0$aIT$bUNINA$gRICA$2UNIMARC 901 $aBK 912 $a990005301330403321 952 $a016.22 EBB 1 (60)$bST.REL. 1993$fFLFBC 952 $a016.22 EBB 1 (56.1)$bST.REL. 1778 a$fFLFBC 952 $a016.22 EBB 1 (58-59) B$bST.REL. 1780 b$fFLFBC 952 $a016.22 EBB 1 (56.2)$bST.REL. 1778 b$fFLFBC 952 $a016.22 EBB1 (58-59 ) A$bST.REL. 1780 a$fFLFBC 952 $a016.22 EBB 1 (57)$bST.REL. 1779$fFLFBC 959 $aFLFBC 996 $aElenchus bibliographicus biblicus$9537074 997 $aUNINA LEADER 00904nam0-22003251i-450- 001 990001361490403321 010 $a0-387-97768-6 035 $a000136149 035 $aFED01000136149 035 $a(Aleph)000136149FED01 035 $a000136149 100 $a20000920d1992----km-y0itay50------ba 101 0 $aeng 200 1 $aNon-Abelian Harmonic Analysis$eApplications of SL (2,R)$fRoger Howe, Eng Chye Tan 210 $aNew York [etc.]$cSpringer-Verlag$d1992 215 $axv, 257 p.$d24 cm 225 1 $aUniversitext 610 0 $aTeoria dei gruppi 610 0 $aPrincipi di simmetria 676 $a512 700 1$aHowe,$bRoger$058930 702 1$aTan,$bEng Chye 801 0$aIT$bUNINA$gRICA$2UNIMARC 901 $aBK 912 $a990001361490403321 952 $a10A-271$b5569$fFI1 959 $aFI1 996 $aNon-Abelian Harmonic Analysis$9375402 997 $aUNINA DB $aING01